Naše krásná Morava

Korporativní autor: Šohajka (hudební skupina)
Další autoři: Ducháčková, Jožina, 1950-, Janošková, Jana, 1963-, Ducháček, Vojtěch, 1949-
Jazyk: Čeština
Vydáno: Praha : Edit, p1994
Témata:
Fyzický popis: 1 MC : stereo + 1 slož. list.
Zvukové nahrávky
Uloženo v:
LEADER 01669njm a2200469 a 4500
001 000292177
003 CZ BrMZK
005 20130522150439.0
008 950101s1994 xr f cze d
028 0 3 |a 1 0086-4 431  |b Edit 
040 |a BOA001  |b cze 
080 |a 788.085(086.7)  |2 MRF 
110 2 |a Šohajka (hudební skupina)  |7 ko2003181077  |4 prf 
245 1 0 |a Naše krásná Morava  |h [zvukový záznam] /  |c Šohajka. 
246 3 3 |a Svinibrodská 
246 3 3 |a Vojtěchovi 
246 3 3 |a Za Straňanským hájkem 
246 3 3 |a Bavorská 
246 3 3 |a Bojanovské pole 
246 3 3 |a Břeclavská děvčata 
246 3 3 |a Dubňanský džbáneček 
246 3 3 |a Fialenka 
246 3 3 |a Hvězdička 
246 3 3 |a Kapelo, začni hrát 
246 3 3 |a Kyjovské lúky 
246 3 3 |a Maminčina 
246 3 3 |a Naše krásná MOrava 
246 3 3 |a Písnička o mládí 
260 |a Praha :  |b Edit,  |c p1994 
300 |a 1 MC :  |b stereo +  |e 1 slož. list. 
500 |a Durata neuv 
500 |a Nahr. neuv 
505 2 |a Naše krásná Morava, Maminčina, Bojanovské pole ... [et al.] 
511 0 |a Jožina Ducháčková, zpěv; Jana Janošková, zpěv; Vojtěch Ducháček, zpěv ... [et al.] 
653 0 |a dechový orchestr  |a orchestrální polky  |a písně s dechovým orchestrem 
700 1 |a Ducháčková, Jožina,  |d 1950-  |7 ola2006357391  |4 prf 
700 1 |a Janošková, Jana,  |d 1963-  |7 mzk2013762188  |4 prf 
700 1 |a Ducháček, Vojtěch,  |d 1949-  |7 jx20050407009  |4 prf  |4 cnd 
910 |a BOA001  |b KZ-0002.931 
964 |a Orchestr dechový  |x MC 
990 |a AV 
996 6 |b 261H002964  |c KZ-0002.931  |l MZK  |r Sklad / do 24 hodin  |n 0  |w 000292177  |u 000010  |a 1  |e BOA001  |j MZK50  |s P